000 00794nam a2200277Ia 4500
003 OSt
005 20220924122411.0
006 a|||||r|||| 00| 0
007 ta
008 220923b |||||||| |||| 00| 0 urd d
020 _c2.25
024 _a322386
037 _cTextual
040 _aARTS
_cARTS
_burd
041 _2urd
_aurd
082 _aT1:3(P),3, 168K3
100 _aHorn Ernest Au.
_9189369
245 0 _aHujjon ki tadrees
260 _aLahore
_bShekh Ghulam Ali and sons Pakistan
_c1963
650 _a SECONDARY EDUCATION
_9171032
650 _a TEACHING
_934578
650 _aLINGUISTICS
700 _a Zaidi Sajjad Nazim Tr.
_9189370
942 _hT1:3(P),3, 168K3
_cTEXL
_2CC
999 _c411474
_d411474